<?xml version="1.0" encoding="UTF-8"?>
<record
    xmlns:xsi="http://www.w3.org/2001/XMLSchema-instance"
    xsi:schemaLocation="http://www.loc.gov/MARC21/slim http://www.loc.gov/standards/marcxml/schema/MARC21slim.xsd"
    xmlns="http://www.loc.gov/MARC21/slim">

  <leader>02945nkm0a2200469   4500</leader>
  <controlfield tag="001">RU\NLR\BIBL_A\022740034</controlfield>
  <controlfield tag="005">20260426072819.0</controlfield>
  <datafield tag="035" ind1=" " ind2=" ">
    <subfield code="a">(NLR Aleph) 022740034</subfield>
  </datafield>
  <datafield tag="090" ind1=" " ind2=" ">
    <subfield code="a">13693328</subfield>
    <subfield code="c">13693328</subfield>
  </datafield>
  <datafield tag="100" ind1=" " ind2=" ">
    <subfield code="a">20260228d1903    u  y0rusy50      ca</subfield>
  </datafield>
  <datafield tag="101" ind1="0" ind2=" ">
    <subfield code="a">rus</subfield>
  </datafield>
  <datafield tag="102" ind1=" " ind2=" ">
    <subfield code="a">RU</subfield>
  </datafield>
  <datafield tag="116" ind1=" " ind2=" ">
    <subfield code="a">iiycxx    zz    ad</subfield>
  </datafield>
  <datafield tag="135" ind1=" " ind2=" ">
    <subfield code="a">crcn 024anaba</subfield>
  </datafield>
  <datafield tag="181" ind1=" " ind2="0">
    <subfield code="a">b4</subfield>
    <subfield code="b">xb2e  </subfield>
  </datafield>
  <datafield tag="182" ind1=" " ind2="0">
    <subfield code="a">n</subfield>
  </datafield>
  <datafield tag="200" ind1="1" ind2=" ">
    <subfield code="a">&#x41E;-&#x434;&#x435;-&#x43A;&#x43E;&#x43B;&#x43E;&#x43D; &#x434;&#x432;&#x43E;&#x439;&#x43D;&#x43E;&#x439;</subfield>
    <subfield code="e">&#x43E;-&#x434;&#x435;-&#x43A;&#x43E;&#x43B;&#x43E;&#x43D; &#x442;&#x440;&#x43E;&#x439;&#x43D;&#x43E;&#x439;</subfield>
    <subfield code="e">&#x43E;-&#x434;&#x435;-&#x43A;&#x43E;&#x43B;&#x43E;&#x43D; &#x2116; 4 (&#x44D;&#x43A;&#x441;&#x442;&#x440;&#x430;&#x43A;&#x442;&#x44B;)</subfield>
    <subfield code="e">&#x43A;&#x430;&#x447;&#x435;&#x441;&#x442;&#x432;&#x43E;&#x43C;, &#x43D;&#x438;&#x441;&#x43A;&#x43E;&#x43B;&#x44C;&#x43A;&#x43E; &#x43D;&#x435; &#x443;&#x441;&#x442;&#x443;&#x43F;&#x430;&#x44E;&#x449;&#x438;&#x439; &#x438;&#x43D;&#x43E;&#x441;&#x442;&#x440;&#x430;&#x43D;&#x43D;&#x43E;&#x43C;&#x443; &#x43F;&#x440;&#x43E;&#x438;&#x437;&#x432;&#x43E;&#x434;&#x441;&#x442;&#x432;&#x443;</subfield>
    <subfield code="e">&#x432; &#x43F;&#x440;&#x43E;&#x434;&#x430;&#x436;&#x435; &#x432;&#x435;&#x437;&#x434;&#x435;</subfield>
    <subfield code="e">&#x421;-&#x41F;&#x435;&#x442;&#x435;&#x440;&#x431;&#x443;&#x440;&#x433;&#x441;&#x43A;&#x430;&#x44F; &#x445;&#x438;&#x43C;&#x438;&#x447;&#x435;&#x441;&#x43A;&#x430;&#x44F; &#x43B;&#x430;&#x431;&#x43E;&#x440;&#x430;&#x442;&#x43E;&#x440;&#x438;&#x44F; (&#x43E;&#x441;&#x43D;&#x43E;&#x432;&#x430;&#x43D;&#x430; &#x432; 1860 &#x433;&#x43E;&#x434;&#x443;), &#x421;.&#x41F;&#x435;&#x442;&#x435;&#x440;&#x431;&#x443;&#x440;&#x433;</subfield>
    <subfield code="e">[&#x43F;&#x43B;&#x430;&#x43A;&#x430;&#x442;]</subfield>
  </datafield>
  <datafield tag="203" ind1=" " ind2=" ">
    <subfield code="a">&#x418;&#x437;&#x43E;&#x431;&#x440;&#x430;&#x436;&#x435;&#x43D;&#x438;&#x435;</subfield>
    <subfield code="b">&#x43D;&#x435;&#x43F;&#x43E;&#x434;&#x432;&#x438;&#x436;&#x43D;&#x43E;&#x435;</subfield>
    <subfield code="b">&#x434;&#x432;&#x443;&#x445;&#x43C;&#x435;&#x440;&#x43D;&#x43E;&#x435;</subfield>
    <subfield code="b">&#x432;&#x438;&#x437;&#x443;&#x430;&#x43B;&#x44C;&#x43D;&#x43E;&#x435;</subfield>
    <subfield code="c">&#x43D;&#x435;&#x43F;&#x43E;&#x441;&#x440;&#x435;&#x434;&#x441;&#x442;&#x432;&#x435;&#x43D;&#x43D;&#x43E;&#x435;</subfield>
  </datafield>
  <datafield tag="210" ind1=" " ind2=" ">
    <subfield code="a">&#x421;.&#x41F;.&#x411;. [&#x421;&#x430;&#x43D;&#x43A;&#x442;-&#x41F;&#x435;&#x442;&#x435;&#x440;&#x431;&#x443;&#x440;&#x433;]</subfield>
    <subfield code="c">&#x41B;&#x438;&#x442;. &#x412;&#x435;&#x444;&#x435;&#x440;&#x441; &#x438; &#x41A;&#xB0;</subfield>
    <subfield code="d">1903</subfield>
  </datafield>
  <datafield tag="215" ind1=" " ind2=" ">
    <subfield code="a">1 &#x43B;.</subfield>
    <subfield code="c">&#x444;&#x43E;&#x442;&#x43E;&#x43C;&#x435;&#x445;. &#x43F;&#x435;&#x447;.</subfield>
    <subfield code="d">38&#x445;24,6</subfield>
  </datafield>
  <datafield tag="300" ind1=" " ind2=" ">
    <subfield code="a">&#x41D;&#x430; &#x43B;. &#x442;&#x430;&#x43A;&#x436;&#x435; &#x444;&#x430;&#x431;&#x440;. &#x43C;&#x430;&#x440;&#x43A;&#x430; &#x444;&#x438;&#x440;&#x43C;&#x44B; &#x441; &#x438;&#x437;&#x43E;&#x431;&#x440;&#x430;&#x436;&#x435;&#x43D;&#x438;&#x435;&#x43C; &#x43A;&#x43E;&#x43D;&#x43D;&#x43E;&#x439; &#x441;&#x442;&#x430;&#x442;&#x443;&#x438; &#x41F;&#x435;&#x442;&#x440;&#x430; I (&#x41C;&#x435;&#x434;&#x43D;&#x44B;&#x439; &#x432;&#x441;&#x430;&#x434;&#x43D;&#x438;&#x43A;, &#x421;&#x430;&#x43D;&#x43A;&#x442;-&#x41F;&#x435;&#x442;&#x435;&#x440;&#x431;&#x443;&#x440;&#x433;)</subfield>
  </datafield>
  <datafield tag="300" ind1=" " ind2=" ">
    <subfield code="a">&#x41D;&#x430; &#x43B;. &#x442;&#x430;&#x43A;&#x436;&#x435; &#x430;&#x432;&#x435;&#x440;&#x441; &#x438; &#x440;&#x435;&#x441;&#x435;&#x440;&#x441; &#x43C;&#x435;&#x434;&#x430;&#x43B;&#x438; "&#x41F;&#x430;&#x440;&#x438;&#x436; 1900"</subfield>
  </datafield>
  <datafield tag="300" ind1=" " ind2=" ">
    <subfield code="a">&#x426;&#x435;&#x43D;&#x437;. &#x440;&#x430;&#x437;&#x440;&#x435;&#x448;&#x435;&#x43D;&#x438;&#x435;: &#x414;&#x43E;&#x437;&#x432;&#x43E;&#x43B;&#x435;&#x43D;&#x43E; &#x446;&#x435;&#x43D;&#x437;&#x443;&#x440;&#x43E;&#x44E; &#x421;.&#x41F;.&#x411;. 25 &#x441;&#x435;&#x43D;&#x442;&#x44F;&#x431;&#x440;&#x44F; 1903 &#x433;.</subfield>
  </datafield>
  <datafield tag="300" ind1=" " ind2=" ">
    <subfield code="a">&#x41F;&#x43E; &#x432;&#x435;&#x440;&#x445;&#x43D;&#x435;&#x43C;&#x443; &#x43F;&#x43E;&#x43B;&#x44E; &#x435;&#x441;&#x442;&#x44C; 2 &#x43E;&#x442;&#x432;&#x435;&#x440;&#x441;&#x442;&#x438;&#x44F;, &#x447;&#x435;&#x440;&#x435;&#x437; &#x43A;&#x43E;&#x442;&#x43E;&#x440;&#x44B;&#x435; &#x43F;&#x440;&#x43E;&#x434;&#x435;&#x442;&#x430; &#x442;&#x435;&#x441;&#x435;&#x43C;&#x43A;&#x430; &#x434;&#x43B;&#x44F; &#x432;&#x44B;&#x432;&#x435;&#x448;&#x438;&#x432;&#x430;&#x43D;&#x438;&#x44F; &#x43F;&#x43B;&#x430;&#x43A;&#x430;&#x442;&#x430;</subfield>
  </datafield>
  <datafield tag="325" ind1=" " ind2=" ">
    <subfield code="a">&#x41A;&#x43E;&#x43F;&#x438;&#x44F; &#x434;&#x43E;&#x441;&#x442;&#x443;&#x43F;&#x43D;&#x430; &#x432; &#x42D;&#x43B;&#x435;&#x43A;&#x442;&#x440;&#x43E;&#x43D;. &#x431;-&#x43A;&#x435; &#x420;&#x41D;&#x411;</subfield>
  </datafield>
  <datafield tag="540" ind1="1" ind2=" ">
    <subfield code="a">&#x41E;&#x434;&#x435;&#x43A;&#x43E;&#x43B;&#x43E;&#x43D; &#x434;&#x432;&#x43E;&#x439;&#x43D;&#x43E;&#x439;, &#x43E;&#x434;&#x435;&#x43A;&#x43E;&#x43B;&#x43E;&#x43D; &#x442;&#x440;&#x43E;&#x439;&#x43D;&#x43E;&#x439;, &#x43E;&#x434;&#x435;&#x43A;&#x43E;&#x43B;&#x43E;&#x43D; &#x2116; 4 (&#x44D;&#x43A;&#x441;&#x442;&#x440;&#x430;&#x43A;&#x442;&#x44B;)</subfield>
  </datafield>
  <datafield tag="606" ind1="1" ind2=" ">
    <subfield code="a">&#x420;&#x435;&#x43A;&#x43B;&#x430;&#x43C;&#x43D;&#x44B;&#x439; &#x43F;&#x43B;&#x430;&#x43A;&#x430;&#x442; &#x440;&#x443;&#x441;&#x441;&#x43A;&#x438;&#x439;</subfield>
    <subfield code="z">1868 - 1917</subfield>
    <subfield code="9">2200006</subfield>
    <subfield code="3">RU\NLR\AUTH\6601557021</subfield>
  </datafield>
  <datafield tag="606" ind1="1" ind2=" ">
    <subfield code="a">&#x41F;&#x430;&#x440;&#x444;&#x44E;&#x43C;&#x435;&#x440;&#x43D;&#x44B;&#x435; &#x444;&#x43B;&#x430;&#x43A;&#x43E;&#x43D;&#x44B;</subfield>
    <subfield code="j">&#x41F;&#x43B;&#x430;&#x43A;&#x430;&#x442;&#x44B;</subfield>
    <subfield code="9">1835849</subfield>
    <subfield code="3">RU\NLR\AUTH\66830607</subfield>
  </datafield>
  <datafield tag="686" ind1=" " ind2=" ">
    <subfield code="a">&#x429;153(2&#x420;=&#x420;&#x443;&#x441;)53-466</subfield>
  </datafield>
  <datafield tag="711" ind1="0" ind2="2">
    <subfield code="a">"&#x41F;&#x435;&#x442;&#x435;&#x440;&#x431;&#x443;&#x440;&#x433;&#x441;&#x43A;&#x430;&#x44F; &#x445;&#x438;&#x43C;&#x438;&#x447;&#x435;&#x441;&#x43A;&#x430;&#x44F; &#x43B;&#x430;&#x431;&#x43E;&#x440;&#x430;&#x442;&#x43E;&#x440;&#x438;&#x44F;", &#x430;&#x43A;&#x446;&#x438;&#x43E;&#x43D;&#x435;&#x440;&#x43D;&#x43E;&#x435; &#x43E;&#x431;&#x449;&#x435;&#x441;&#x442;&#x432;&#x43E;</subfield>
    <subfield code="9">493109</subfield>
    <subfield code="3">RU\NLR\AUTH\889997920</subfield>
  </datafield>
  <datafield tag="712" ind1="0" ind2="2">
    <subfield code="4">610</subfield>
    <subfield code="a">"&#x412;&#x435;&#x444;&#x435;&#x440;&#x441; &#x438; &#x41A;&#x43E;", &#x43B;&#x438;&#x442;&#x43E;&#x433;&#x440;&#x430;&#x444;&#x438;&#x44F;</subfield>
    <subfield code="c">&#x41F;&#x435;&#x442;&#x435;&#x440;&#x431;&#x443;&#x440;&#x433;</subfield>
    <subfield code="9">806050</subfield>
    <subfield code="3">RU\NLR\AUTH\880569855</subfield>
  </datafield>
  <datafield tag="852" ind1="0" ind2="0">
    <subfield code="a">NLR</subfield>
    <subfield code="b">&#x42D;</subfield>
    <subfield code="j">&#x420;.&#x420;&#x443;&#x441;./&#x422;&#x43E;&#x440;&#x433;.9/1</subfield>
    <subfield code="m">&#x42D;&#x430;&#x444;11053</subfield>
  </datafield>
  <datafield tag="856" ind1=" " ind2="0">
    <subfield code="u">https://vivaldi.nlr.ru/la700001781/view</subfield>
  </datafield>
  <datafield tag="856" ind1=" " ind2="1">
    <subfield code="u">https://vivaldi.nlr.ru/la700001781/cover</subfield>
  </datafield>
  <datafield tag="856" ind1=" " ind2="2">
    <subfield code="u">https://vivaldi.nlr.ru/la700001781/text</subfield>
  </datafield>
  <datafield tag="942" ind1=" " ind2=" ">
    <subfield code="c">VISUAL</subfield>
  </datafield>
  <datafield tag="980" ind1=" " ind2=" ">
    <subfield code="a">NB</subfield>
  </datafield>
  <datafield tag="981" ind1="1" ind2="7">
    <subfield code="a">(17) &#x418;&#x437;&#x43E;&#x433;&#x440;&#x430;&#x444;&#x438;&#x447;&#x435;&#x441;&#x43A;&#x438;&#x435; &#x43C;&#x430;&#x442;&#x435;&#x440;&#x438;&#x430;&#x43B;&#x44B;</subfield>
    <subfield code="b">(17) &#x41F;&#x43B;&#x430;&#x43A;&#x430;&#x442;&#x44B;</subfield>
  </datafield>
</record>
